000 00686nam a2200181Ia 4500
008 151202s9999||||xx |||||||||||||| ||und||
082 _bPNVM-65222
100 _aराय सत्यजित अनु.गिते विलास.
245 _aए बारो बारो.
260 _bसाकेत प्रकाशन औरंगाबाद.
260 _c2007
300 _a248
600 _aराय सत्यजित अनु.गिते विलास.
630 _aए बारो बारो.
700 _aराय सत्यजित अनु.गिते विलास.
730 _aए बारो बारो.
942 _cBOOK
999 _c1331754
_d1331751